Представление документа в формате RUSMARC

ПолеНазваниеЗначение
  Тип записи a
  Библиографический уровень m
001 Контрольный номер 1afefa7820404221bb3b7f53d89dd820
005 Дата корректировки 20171211150037.4
010 Индекс ISBN __
a ISBN 5-8297-0218-5
b Уточнения в пер.
d Цена 180-050
101 Язык документа 0_
a Язык текста rus
102 Страна публикации __
a Страна публикации RU
200 Заглавие и сведения об ответственности 1_
a Заглавие Основы рекламы
b Общее обозначение материала Текст
e Сведения, относящиеся к заглавию учебное пособие
f Первые сведения об ответственности П.А. Пименов
210 Выходные данные 1_
a Место издания Москва
c Издательство Гардарики
d Дата издания 2006
215 Физическое описание __
a Объем 399 с.
c Иллюстрации/тип воспроизводства ил.
686 Индексы других классификаций __
a Классификационный индекс 76.006.5я73
2 Код системы rubbk
700 Автор _1
a Фамилия Пименов
b Имя П.А.
g Полное личное имя Павел Алекссевич
801 Источник записи _0
a Страна RU
b Организация РУК
g Правила каталогизации PSBO
801 Источник записи _1
a Страна RU
b Организация РУК
g Правила каталогизации PSBO
852 Данные о местонахождении __
i Авторский знак П 32
j Шифр хранения ББК 65.422
901 Тип документа __
t Тип документа m
937 Технологическая информация __
a Создатель записи (имя) Тарасова
938 Служебная информация __
a Название организации Башкирский филиал
938 Служебная информация __
a Название организации Владимирский филиал
952 Тип литературы __
b Гриф литературы для ВШ гриф МО
c Вид литературы учебное пособие